000 00520nam a2200169 4500
001 107647
003 ES-MaACL
005 20230906184449.0
007 t|
008 061121s1978 sp r ||||1| spa d
100 1 _aMorenas de Tejada, Gonzalo.
_983260
245 1 0 _aAntología poética
_b: 1890-1927 /
_cGonzalo Morenas de Tejada.
260 _aMadrid :
_b[s.n.],
_c1978 (
_fGráf. Manuel Pareja)
300 _a285 p. :
_bil ;
_c23.
852 _aES-MaACL
_jC-27783
_bR.100471
852 _aES-MaACL
_jA-10570
_bR.99673
999 _c107647
_d107647